Foundations of marketing. / (Record no. 8165)

MARC details
000 -LEADER
fixed length control field 01991cam a2200349 i 4500
001 - CONTROL NUMBER
control field 17908084
003 - CONTROL NUMBER IDENTIFIER
control field OSt
005 - DATE AND TIME OF LATEST TRANSACTION
control field 20211130143647.0
008 - FIXED-LENGTH DATA ELEMENTS--GENERAL INFORMATION
fixed length control field 131017s2015 ctua b 001 0 eng
010 ## - LIBRARY OF CONGRESS CONTROL NUMBER
LC control number 2013952148
020 ## - INTERNATIONAL STANDARD BOOK NUMBER
International Standard Book Number 9781285429779 (pbk)
020 ## - INTERNATIONAL STANDARD BOOK NUMBER
International Standard Book Number 128542977X (pbk)
040 ## - CATALOGING SOURCE
Original cataloging agency DLC
Language of cataloging eng
Description conventions rda
Transcribing agency LC
042 ## - AUTHENTICATION CODE
Authentication code pcc
050 00 - LIBRARY OF CONGRESS CALL NUMBER
Classification number HF5415.P65(6e)
082 00 - DEWEY DECIMAL CLASSIFICATION NUMBER
Classification number 658.8
Edition number 23
100 1# - MAIN ENTRY--PERSONAL NAME
Personal name Pride, William M.,
245 10 - TITLE STATEMENT
Title Foundations of marketing. /
Statement of responsibility, etc. William M. Pride, O.C. Ferrell.
250 ## - EDITION STATEMENT
Edition statement 6th ed.
264 #1 - PRODUCTION, PUBLICATION, DISTRIBUTION, MANUFACTURE, AND COPYRIGHT NOTICE
Place of production, publication, distribution, manufacture Stamford:
Name of producer, publisher, distributor, manufacturer Cengage Learning,
Date of production, publication, distribution, manufacture, or copyright notice 2015.
300 ## - PHYSICAL DESCRIPTION
Extent 1 volume (various paging):
Other physical details illustrations ;
Dimensions 28 cm
336 ## - CONTENT TYPE
Content type term text
Content type code txt
Source rdacontent
337 ## - MEDIA TYPE
Media type term unmediated
Media type code n
Source rdamedia
338 ## - CARRIER TYPE
Carrier type term volume
Carrier type code nc
Source rdacarrier
504 ## - BIBLIOGRAPHY, ETC. NOTE
Bibliography, etc. note Includes bibliographical references and index.
505 ## - FORMATTED CONTENTS NOTE
Formatted contents note Contents: 1. Strategic marketing and its environment: Customer-driven strategic marketing -- Planning, implementing, and evaluating marketing strategies -- The marketing environment, social responsibility, and ethics -- 2. Marketing research and target markets: Marketing research and information systems -- Target market; segmentation and evaluation -- 3. Customer behavior and e-marketing: Consumer buying behavior -- Business markets and buying behavior -- Reaching global markets -- Digital marketing and social networking -- 4. Product and price decisions: Product, branding, and packaging concepts -- Developing and managing goods and services -- Pricing concepts and management -- 5. Distribution decisions: marketing channels and supply-chain management -- Retailing, direct marketing, and wholesaling -- 6. Promotion decisions: Integrated marketing communication -- Advertising and public relations -- Personal selling and sales promotion
650 #0 - SUBJECT ADDED ENTRY--TOPICAL TERM
Topical term or geographic name entry element Marketing.
700 1# - ADDED ENTRY--PERSONAL NAME
Personal name Ferrell, O. C.,
906 ## - LOCAL DATA ELEMENT F, LDF (RLIN)
a 7
b cbc
c orignew
d 3
e epcn
f 20
g y-gencatlg
942 ## - ADDED ENTRY ELEMENTS (KOHA)
Source of classification or shelving scheme Library of Congress Classification
Koha item type Books
Holdings
Withdrawn status Lost status Source of classification or shelving scheme Damaged status Not for loan Home library Current library Shelving location Date acquired Total Checkouts Full call number Barcode Date last seen Price effective from Koha item type
    Library of Congress Classification     WISCONSIN INTERNATIONAL UNIVERSITY COLLEGE, GHANA KUMASI LIBRARY WISCONSIN INTERNATIONAL UNIVERSITY COLLEGE, GHANA KUMASI LIBRARY General Stacks 07/11/2019   HF5415.P65(6e) K/1642/1642/19 30/11/2021 30/11/2021 Books

If you have any concerns or questions; kindly contact the library


© Powered by WIUC ICT DIRECTORATE